000
00348nam a2200145Ia 4500
008
230718s9999 xx 000 0 und d
041
_a
Eng.
082
_a
220.92
_b
RAS-W
100
_a
Rasool mahmood Khalid
245
0
_a
walayat Uzma sy chairman
260
_a
Pakistan
_b
Jhamori Publishers
_c
2011
300
_a
134
650
_a
Law
999
_c
31646
_d
31646